| 000 | 00840nam a2200217Ia 4500 | ||
|---|---|---|---|
| 003 | OSt | ||
| 005 | 20210419175739.0 | ||
| 008 | 210310s1959 eu gr 000 0 spa d | ||
| 040 |
_aCO-JMCR _cCO-JMCR |
||
| 041 | 0 | _aeng | |
| 082 | 0 | 4 |
_a336.22 / _bW142t _223 |
| 100 | 1 |
_aWald, Haskell P., _915125 _eautor |
|
| 245 | 1 | 0 |
_aTaxation of agricultural land in underdeveloped economies : _ba survey and guide to policy / _cHaskell P. Wald |
| 260 |
_amassachusetts : _bHarverd University Press, _c1959 |
||
| 300 |
_bxiii, 231 páginas ; _c22 cm. |
||
| 500 | _aIncluye notas a pie de página. | ||
| 505 | 0 | _aA pamoramic description and interpretation -- Major policy guides -- Pathways to reform | |
| 650 | 1 | 4 |
_aImpuestos territoriales _915127 _zAmérica Latina |
| 650 | 2 | 4 |
_aTierras _xPolítica económica _zAmérica Latina _936993 |
| 942 |
_2ddc _cBK |
||
| 999 |
_c7676 _d7676 |
||